000 00367pam a2200157a 44500
008 230515b1963 xxu||||| |||| 00| 0 eng d
020 _aNULL
041 _aENGLISH
082 _aN.D.
100 _aNULL
245 _aIndian Recommendations For Ltds & Fits For Engineering
250 _a0
260 _aNULL
_bIndian Std.
_c1963
300 _a103
650 _aNULL
999 _c574398
_d574398